Energetika envirosystémů budov
Na minha lista:
| Autor principal: | |
|---|---|
| Formato: | Livro |
| Idioma: | tcheco |
| Publicado em: |
Praha :
České vysoké učení technické v Praze,
1988
|
| Tags: |
Sem tags, seja o primeiro a adicionar uma tag!
|
MARC
| LEADER | 00000nam a22000003a 4500 | ||
|---|---|---|---|
| 001 | stu87297 | ||
| 005 | 20150617225629.5 | ||
| 008 | 040531s1988----cs------------------cze-d | ||
| 040 | |a STU |b slo | ||
| 041 | 0 | |a cze | |
| 044 | |a cs | ||
| 080 | |a 504.75(075.8) | ||
| 080 | |a 728.1(075.8) |7 stu_us_auth*stu4307 | ||
| 080 | |a 721(075.8) |7 stu_us_auth*stu3931 | ||
| 100 | 1 | |a Jokl, Miloslav |4 aut | |
| 245 | 1 | |a Energetika envirosystémů budov | |
| 260 | |a Praha : |b České vysoké učení technické v Praze, |c 1988 | ||
| 300 | |a 91 s | ||
| 996 | |b 284V003166 |c V*29287/S-88 |l VVS |s A |a 24 |w stu87297_0001 | ||